|
|
|
|
| LEADER |
00000naa2a2200000 4500 |
| 001 |
606172 |
| 005 |
20240130150256.0 |
| 035 |
|
|
|a (RuTPU)RU\TPU\conf\3551
|
| 035 |
|
|
|a RU\TPU\conf\3550
|
| 090 |
|
|
|a 606172
|
| 100 |
|
|
|a 20140521d2014 k y0rusy50 ca
|
| 101 |
0 |
|
|a eng
|
| 102 |
|
|
|a RU
|
| 105 |
|
|
|a y z 101zy
|
| 135 |
|
|
|a dran ---uucaa
|
| 181 |
|
0 |
|a i
|
| 182 |
|
0 |
|a b
|
| 200 |
1 |
|
|a Internet technologies in english language learning
|f O. V. Sumtsova
|
| 203 |
|
|
|a Текст
|c электронный
|
| 225 |
1 |
|
|a Language training foreign language in high school: from knowledge to professional competencies of students and teachers
|
| 300 |
|
|
|a Заглавие с титульного экрана
|
| 320 |
|
|
|a [Библиогр.: с. 132 (3 назв.)]
|
| 337 |
|
|
|a Adobe Reader
|
| 463 |
|
0 |
|0 (RuTPU)RU\TPU\conf\3316
|t Международное образование и межкультурная коммуникация: проблемы, поиски, решения
|o сборник трудов международной научно-практический конференции, г. Томск, 20-22 ноября 2013 г.
|f Национальный исследовательский Томский политехнический университет (ТПУ) ; под ред. И. В. Салосиной
|v [С. 130-132]
|d 2014
|
| 610 |
1 |
|
|a труды учёных ТПУ
|
| 610 |
1 |
|
|a электронный ресурс
|
| 610 |
1 |
|
|a интернет-технологии
|
| 610 |
1 |
|
|a обучение
|
| 610 |
1 |
|
|a английский язык
|
| 700 |
|
1 |
|a Sumtsova
|b O. V.
|c linguist
|c Senior Lecturer of Tomsk Polytechnic University, Candidate of philological sciences
|f 1977-
|g Olga Vitalievna
|3 (RuTPU)RU\TPU\pers\32374
|9 16327
|
| 712 |
0 |
2 |
|a Национальный исследовательский Томский политехнический университет (ТПУ)
|b Институт физики высоких технологий (ИФВТ)
|b Кафедра иностранных языков Института физики высоких технологий (ИЯФВТ)
|3 (RuTPU)RU\TPU\col\18696
|
| 801 |
|
2 |
|a RU
|b 63413507
|c 20140521
|g RCR
|
| 856 |
4 |
|
|u http://www.lib.tpu.ru/fulltext/c/2014/C67/009.pdf
|
| 942 |
|
|
|c BK
|